|
|
|
|
| LEADER |
00757nam a2200241 a 4500 |
| 001 |
000488093 |
| 003 |
CZ BrMZK |
| 005 |
20211022085429.0 |
| 007 |
ta |
| 008 |
980205s1991 xr a f 000 m cze d |
| 015 |
|
|
|a cnb000298273
|
| 020 |
|
|
|a 80-7026-042-4
|q (brož.)
|
| 040 |
|
|
|a BOA001
|b cze
|
| 080 |
|
|
|a 646.21:687.02
|2 MRF
|
| 100 |
1 |
|
|a Hrubá, Věra
|7 jn20001227299
|4 aut
|
| 245 |
1 |
0 |
|a Škola šití /
|c Věra Hrubá, Květa Škamlová ; kresby K. Škamlová
|
| 250 |
|
|
|a 2. vyd.
|
| 260 |
|
|
|a Praha :
|b Mona,
|c [1991]
|
| 300 |
|
|
|a 140 s. :
|b il. ;
|c 20 cm
|
| 700 |
1 |
|
|a Škamlová, Květa
|7 xx0060843
|4 aut
|4 ill
|
| 910 |
|
|
|a BOA001
|b 2-0971.019
|
| 990 |
|
|
|a BK
|
| 996 |
6 |
|
|b 2619308659
|c 2-0971.019
|l MZK
|r Sklad / do 1 hodiny
|n 20
|w 000488093
|u 000010
|a 1
|e BOA001
|j MZK50
|s P
|